000 00772nam a2200253Ia 4500
003 OSt
005 20220925230402.0
006 a|||||r|||| 00| 0
007 ta
008 220923b |||||||| |||| 00| 0 eng d
020 _a1859840876
037 _cGeneral Book
040 _aRTL
_cRTL
_beng
041 _2eng
_aeng
082 _aY:393ogF, N6
100 _aDebray Regis
_949033
245 0 _aMedia manifestos
_b On the technological transmission of cultural forms
260 _aLondon
_bVerso
_c1996
300 _aviii, 179p
_ccm.
500 _aBibliography : P 178-79; Appendix: P 171-74; Glossary: P 175-77
650 _aSocial Communication
_9230136
942 _hY:393ogF, N6
_cGB
_2CC
999 _c585325
_d585325